| 000 | 00586nam a22001937a 4500 | ||
|---|---|---|---|
| 999 |
_c3677 _d3677 |
||
| 003 | AR-CdUCM | ||
| 008 | 190307b ||||| |||| 00| 0 spa d | ||
| 040 |
_aMUNICIPALIDAD PROVINCIAL DEL CUSCO _cBIBLIOTECA MUNICIPAL DEL CUSCO |
||
| 082 |
_a920.085 / _bR21 |
||
| 100 |
_aRamos Huamán, Edgardo _911940 |
||
| 245 | _aSemblanzas para recordar y para vivir / | ||
| 260 |
_aHuánuco : _bCopynstante, _c2012 |
||
| 300 |
_a146 páginas ; _bIlustraciones, _c21 cm. |
||
| 650 |
_aBiografía _910983 |
||
| 650 |
_aHuanuco _91885 |
||
| 650 |
_aPerú _935 |
||
| 942 |
_2ddc _cLIBROS |
||
| 945 | _admma | ||